Magyarok South Norwalkon adalékok az abaújiak kivándorlásához /
Elmentve itt :
| Szerző: | |
|---|---|
| Dokumentumtípus: | Könyv része |
| Megjelent: |
2010
|
| Sorozat: | Szegedi vallási néprajzi könyvtár
26 Olvasó : tanulmányok a 60 esztendős Barna Gábor tiszteletére 26 |
| Kulcsszavak: | Népi vallásosság, Vallási néprajz |
| Tárgyszavak: | |
| Online Access: | http://acta.bibl.u-szeged.hu/72739 |
| LEADER | 00854naa a2200229 i 4500 | ||
|---|---|---|---|
| 001 | acta72739 | ||
| 005 | 20220202142448.0 | ||
| 008 | 210503s2010 hu o 0|| hun d | ||
| 020 | |a 978 963 88914 2 6 | ||
| 022 | |a 1419-1288 | ||
| 040 | |a SZTE Egyetemi Kiadványok Repozitórium |b hun | ||
| 041 | |a hun | ||
| 100 | 1 | |a Fejős Zoltán | |
| 245 | 1 | 0 | |a Magyarok South Norwalkon |h [elektronikus dokumentum] : |b adalékok az abaújiak kivándorlásához / |c Fejős Zoltán |
| 260 | |c 2010 | ||
| 300 | |a 475-491 | ||
| 490 | 0 | |a Szegedi vallási néprajzi könyvtár |v 26 | |
| 490 | 0 | |a Olvasó : tanulmányok a 60 esztendős Barna Gábor tiszteletére |v 26 | |
| 650 | 4 | |a Társadalomtudományok | |
| 650 | 4 | |a Szociológia | |
| 695 | |a Népi vallásosság, Vallási néprajz | ||
| 856 | 4 | 0 | |u http://acta.bibl.u-szeged.hu/72739/1/szegedi_vallasi_026_475-491.pdf |z Dokumentum-elérés |